000 00415nam a22001571a 4500
020 _a9788186103012
082 _aS 294.592 1
_bSRI/M
245 _aManav Jeevan aur smritisastra/
_cby Srikrishna Sharma (ed.)
260 _aJodhpur:
_bRajasthani Granthagar,
_c2007.
300 _a242p.
650 _aVedic Literature
650 _aHinduism
650 _aReligion
700 _aSrikrishna Sharma (ed.)
942 _cBK
999 _c27456
_d27456